Science Quiz

Random Science Quiz

Citric Acid Cycle Steps Quiz Stats

 Plays Quiz not verified by Sporcle

Support Sporcle.
Go Orange.
Score 0/19 Timer 15:00
0 Plays Today
Hint Answer % Correct
SubstrateCitrate
96.8%
SubstrateAcetyl CoA
95.1%
SubstrateIsocitrate
92.9%
SubstrateSuccinyl Coa
86.7%
EnzymeCitrate Synthase
86.2%
SubstrateOxaloacetate
85.6%
Enzymeaconitase
84.9%
Enzymeaconitase
84.9%
SubstrateMalate
84.7%
SubstrateSuccinate
84.5%
Hint Answer % Correct
SubstrateFumarate
83.4%
SubstrateAlpha ketoglutarate
82.4%
EnzymeIsocitrate dehydrogenase
81.5%
EnzymeMalate dehydrogenase
76.1%
EnzymeAlpha ketoglutarate dehydrogenase
75.9%
EnzymeSuccinate dehydrogenase
75.9%
EnzymeFumarase
75.1%
EnzymeSuccinyl Coa synthetase
71.4%
SubstrateCis aconitate
62.6%

You're not logged in!

Compare scores with friends on all Sporcle quizzes.
OR
Log In

From the Vault

'LIMIT'-less Countries

by petenge

Push it to the limit!
Remove Ads.
Support Sporcle.
Get the best of Sporcle when you Go Orange. This ad-free experience offers more features, more stats, and more fun while also helping to support Sporcle. Thank you for becoming a member.

Show Comments

Extras

Created Feb 6, 2017ReportNominate
Tags:Acid, citric, Citric Acid, Cycle, step

Top Quizzes Today


Score Distribution

Your Account Isn't Verified!

In order to create a playlist on Sporcle, you need to verify the email address you used during registration. Go to your Sporcle Settings to finish the process.

Report this User

Report this user for behavior that violates our Community Guidelines.

Details: